| 000 | 01158nam a2200229Ia 4500 | ||
|---|---|---|---|
| 003 | Ost | ||
| 005 | 20260507075458.0 | ||
| 008 | 260507s9999||||xx |||||||||||||| ||und|| | ||
| 020 | _a57661199579 | ||
| 040 | _cfsecg | ||
| 041 | _aara | ||
| 082 | _a658 | ||
| 100 |
_aالعاني، مزهر شعبان _eمؤلف |
||
| 245 | 0 |
_aنظم المعلومات الإدارية : _bمنظور تكنولوجي / _c مزهر شعبان العاني |
|
| 260 |
_aعمان: _bدار وائل للنشر, _c2009 |
||
| 300 |
_a271 صفحة؛ _bإيضاحات ؛ _c24 سم |
||
| 504 | _aببليوغرافيا:ص.263-271 | ||
| 520 | _aنظم معلومات الأعمال،نظم المعلومات الإستراتيجية،تكنولوجيا المعلومات،المعدات المادية لتكنولوجيا المعلومات،المعدات البرمجية لتكنولوجيا المعلومات،قواعد البيانات ومخازن البيانات،الشبكات والإتصالات،الإتصالات اللاسلكية | ||
| 653 | _aالإدارة | ||
| 653 | _aنظم المعلومات- المؤسسة الممتدة | ||
| 942 | _cكتاب | ||
| 999 |
_c44682 _d44682 |
||